2020 NASCAR Cup Series Winners - Statistics

General Stats
  • This quiz has been taken 99 times
  • The average score is 28 of 40
Answer Stats
Race Track Winner % Correct
Daytona 500 Daytona International Speedway Denny Hamlin
85%
Pennzoil 400 Las Vegas Motor Speedway Joey Logano
83%
Alsco Uniforms 500 Charlotte Motor Speedway Chase Elliott
80%
Busch Clash Daytona International Speedway Erik Jones
80%
The Real Heroes 400 Darlington Raceway Kevin Harvick
80%
Folds of Honor QuikTrip 500 Atlanta Motor Speedway Kevin Harvick
80%
All-Star Race Bristol Motor Speedway Chase Elliott
78%
Go Bowling 235 Daytona International Speedway Road Course Chase Elliott
78%
Big Machine Hand Sanitizer 400 Indianapolis Motor Speedway Kevin Harvick
78%
Auto Club 400 Auto Club Speedway Alex Bowman
76%
Coca-Cola 600 Charlotte Motor Speedway Brad Keselowski
76%
Pocono 350 Pocono Raceway Denny Hamlin
76%
Pocono Organics 325 Pocono Raceway Kevin Harvick
76%
Series Finale 500 Phoenix Raceway Chase Elliott
74%
Toyota 500 Darlington Raceway Denny Hamlin
74%
FireKeepers Casino 400 Michigan International Speedway Kevin Harvick
74%
Xfinity 500 Martinsville Speedway Chase Elliott
72%
Dixie Vodka 400 Homestead-Miami Speedway Denny Hamlin
72%
Drydene 311 (1) Dover International Speedway Denny Hamlin
72%
FanShield 500 Phoenix Raceway Joey Logano
72%
Consumers Energy 400 Michigan International Speedway Kevin Harvick
72%
Supermarket Heroes 500 Bristol Motor Speedway Brad Keselowski
70%
Bank of America ROVAL 400 Charlotte Motor Speedway Chase Elliott
70%
Quaker State 400 Kentucky Speedway Cole Custer
70%
Blue Emu Maximum Pain Relief 500 Martinsville Speedway Martin Truex, Jr.
70%
GEICO 500 Talladega Superspeedway Ryan Blaney
70%
Coke Zero Sugar 400 Daytona International Speedway William Byron
70%
YellaWood 500 Talladega Superspeedway Denny Hamlin
69%
Drydene 311 (2) Dover International Speedway Kevin Harvick
69%
Super Start Batteries 400 Kansas Speedway Denny Hamlin
67%
Cook Out Southern 500 Darlington Raceway Kevin Harvick
67%
Federated Auto Parts 400 Richmond Raceway Brad Keselowski
65%
Bluegreen Vacations Duel 1 Daytona International Speedway Joey Logano
63%
Bass Pro Shops NRA Night Race Bristol Motor Speedway Kevin Harvick
63%
O'Reilly Auto Parts 500 Texas Motor Speedway Austin Dillon
61%
Foxwoods Resort Casino 301 New Hampshire Motor Speedway Brad Keselowski
61%
Autotrader EchoPark Automotive 500 Texas Motor Speedway Kyle Busch
57%
Hollywood Casino 400 Kansas Speedway Joey Logano
56%
South Point 400 Las Vegas Motor Speedway Kurt Busch
56%
Bluegreen Vacations Duel 2 Daytona International Speedway William Byron
50%
No matching quizzes found
Score Distribution
Percent of People with Each Score
Percentile by Number Answered
Your Score History
You have not taken this quiz